Ciudades, gentes y intercambios en la monarquía hispánica en la Edad Moderna / (Registro nro. 258983)

Detalles MARC
000 -LEADER
fixed length control field 03954nam a2200577 i 4500
001 - CONTROL NUMBER
control field DIGUCANT0085
003 - CONTROL NUMBER IDENTIFIER
control field NyNyDIG
008 - FIXED-LENGTH DATA ELEMENTS--GENERAL INFORMATION
fixed length control field 200721s2019 sp a ob 100 0 spa d
006 - FIXED-LENGTH DATA ELEMENTS--ADDITIONAL MATERIAL CHARACTERISTICS
fixed length control field m o d
007 - PHYSICAL DESCRIPTION FIXED FIELD--GENERAL INFORMATION
fixed length control field cr |||||||||||
035 ## - SYSTEM CONTROL NUMBER
System control number (OCoLC)1145264356
040 ## - CATALOGING SOURCE
Original cataloging agency DGITA
Language of cataloging eng
Description conventions rda
-- pn
Transcribing agency DGITA
020 ## - INTERNATIONAL STANDARD BOOK NUMBER
International Standard Book Number 9788481028867
Qualifying information eBook
-- pdf
020 ## - INTERNATIONAL STANDARD BOOK NUMBER
International Standard Book Number 848102886X
Qualifying information eBook
-- pdf
020 ## - INTERNATIONAL STANDARD BOOK NUMBER
Canceled/invalid ISBN 9788481028850
Qualifying information rústica
020 ## - INTERNATIONAL STANDARD BOOK NUMBER
Canceled/invalid ISBN 8481028851
Qualifying information rústica
041 0# - LANGUAGE CODE
Language code of text/sound track or separate title spa
Language code of summary or abstract eng
-- spa
043 ## - GEOGRAPHIC AREA CODE
Geographic area code e-sp---
050 14 - LIBRARY OF CONGRESS CALL NUMBER
Classification number DP233.5 ebook
082 04 - DEWEY DECIMAL CLASSIFICATION NUMBER
Classification number 946.08
245 00 - TITLE STATEMENT
Title Ciudades, gentes y intercambios en la monarquía hispánica en la Edad Moderna /
Statement of responsibility, etc. Roberto López Vela (ed.)
264 #1 - PRODUCTION, PUBLICATION, DISTRIBUTION, MANUFACTURE, AND COPYRIGHT NOTICE
Place of production, publication, distribution, manufacture Santander :
Name of producer, publisher, distributor, manufacturer Ediciones Universidad de Cantabria,
Date of production, publication, distribution, manufacture, or copyright notice 2019.
300 ## - PHYSICAL DESCRIPTION
Extent 1 online resource :
Other physical details illustrations.
336 ## - CONTENT TYPE
Content type term text
Content type code txt
Source rdacontent
337 ## - MEDIA TYPE
Media type term computer
Media type code c
Source rdamedia
338 ## - CARRIER TYPE
Carrier type term online resource
Carrier type code cr
Source rdacarrier
347 ## - DIGITAL FILE CHARACTERISTICS
File type text file
Source rdaft
347 ## - DIGITAL FILE CHARACTERISTICS
Encoding format PDF
490 1# - SERIES STATEMENT
Series statement Colección Historia ;
Volume/sequential designation #140
500 ## - GENERAL NOTE
General note Proceedings of a seminar held in Santander, Spain, April 2016.
504 ## - BIBLIOGRAPHY, ETC. NOTE
Bibliography, etc. note Includes bibliographical references.
505 0# - FORMATTED CONTENTS NOTE
Formatted contents note La venta de oficios concejiles y el gobierno de las ciudades de Castilla : el acrecentamiento de 1543 / José Ignacio Fortea Pérez -- Gobernar las cuatro villas de la costa : corregidores militares de Felipe IV (1621-1665) / María Barcina Abad -- Entre regidores y mercaderes : comportamientos y pautas de padrinazgo de las élites santanderinas del siglo XVIII / Héctor F. Sánchez Diego -- Historiografía y ciudad : el debate sobre toledo en el humanismo y la epoca confessional / Roberto López Vela -- "El cielo tan cerca está de Galicia como de las indias" : carreras y figuras episcopales a uno y otro lado del atlántico en época moderna / Fernando Suárez Golán -- Entre la pervivencia y la corrupción de un deseo : dos obras pías urbanas para casar doncellas, a coruña, siglos XVI-XIX / Ana María Sixto Barcia -- Las medidas superficiales de las poblaciones gallegas bajo el señorío urbano a mediados del siglo XVIII / Rubén Castro Redondo -- Carga tributaria, ciudadanía y moral fiscal en la Castilla del siglo XVII / Ramón Lanza García -- La "media annata de juros" y el sistema fiscal y financiero castellano en el siglo XVII / José Ignacio Andrés Ucendo -- Transformaciones del crédito hipotecario en Santiago de Compostela a finales del antiguo régimen / Francisco Cebreiro Ares -- Los mercaderes de cruzada de la corona de Castilla : riesgos y quiebra en la ciudad de Santiago y su Arzobispado (siglos XVII-XVIII) / Mónica F. Armesto -- Ciudades, gentes e intercambios en tiempos de tribulación (1595-1609) / Juan Eloy Gelabe.
546 ## - LANGUAGE NOTE
Language note In Spanish, with abstracts in Spanish and English.
588 0# - SOURCE OF DESCRIPTION NOTE
Source of description note Online resource; title from PDF title page (Digitalia, viewed July 21, 2020)
651 #0 - SUBJECT ADDED ENTRY--GEOGRAPHIC NAME
Geographic name Spain
General subdivision Social life and customs
Chronological subdivision 20th century
Form subdivision Congresses.
650 #0 - SUBJECT ADDED ENTRY--TOPICAL TERM
Topical term or geographic name entry element Commodity exchanges
Geographic subdivision Spain
Form subdivision Congresses.
650 #0 - SUBJECT ADDED ENTRY--TOPICAL TERM
Topical term or geographic name entry element Cities and towns
Geographic subdivision Spain
Form subdivision Congresses.
650 #0 - SUBJECT ADDED ENTRY--TOPICAL TERM
Topical term or geographic name entry element Central-local government relations
Geographic subdivision Spain
General subdivision History
Form subdivision Congresses.
650 #0 - SUBJECT ADDED ENTRY--TOPICAL TERM
Topical term or geographic name entry element Power (Social sciences)
Geographic subdivision Spain
General subdivision History
Form subdivision Congresses.
650 #0 - SUBJECT ADDED ENTRY--TOPICAL TERM
Topical term or geographic name entry element Local government
Geographic subdivision Spain
General subdivision History
Form subdivision Congresses.
655 #7 - INDEX TERM--GENRE/FORM
Genre/form data or focus term Conference papers and proceedings.
Source of term lcgft
655 #0 - INDEX TERM--GENRE/FORM
Genre/form data or focus term Electronic books.
700 1# - ADDED ENTRY--PERSONAL NAME
Personal name López Vela, Roberto,
Relator term editor.
791 2# -
-- Digitalia (Firm),
-- distributor.
793 0# -
-- Digitalia eBook Collection:
-- Universidad de Cantabria
776 08 - ADDITIONAL PHYSICAL FORM ENTRY
Relationship information Print version:
Title Ciudades, gentes y intercambios en la monarquía hispánica en la Edad Moderna.
Place, publisher, and date of publication Santander : Ediciones Universidad Cantabria, 2019.
International Standard Book Number 9788481028850
Record control number (OCoLC)1144508769
830 #0 - SERIES ADDED ENTRY--UNIFORM TITLE
Uniform title Colección historia (Santander, Spain) ;
Volume/sequential designation #140.
856 40 - ELECTRONIC LOCATION AND ACCESS
Materials specified Digitalia Hispánica
Uniform Resource Identifier <a href="https://www.digitaliapublishing.com/a/63127/">https://www.digitaliapublishing.com/a/63127/</a>
910 ## - USER-OPTION DATA (OCLC)
User-option data Premium collection: 2020
942 ## - ADDED ENTRY ELEMENTS (KOHA)
Koha item type Recurso Electrónico
Existencias
Withdrawn status Lost status Damaged status Not for loan Collection Home library Current library Date acquired Total checkouts Date last seen Price effective from Koha item type
        Digitalia Ebooks Hispanica Biblioteca Digital UIN Biblioteca Digital UIN 04/25/2025   04/25/2025 04/25/2025 Recurso Electrónico

CONTACTO


NOSOTROS


SITIOS DE INTERES

coordinacion.biblioteca.biblioteca@unienlinea.mx Misión, Visión y Objetivos Bases de datos
Directorio Bibliotecas Digitales y Repositorios
Normatividad Revistas y artículos
Convenios interbibliotecarios
Boletines



Hecho en México. Universidad Insurgentes (UIN). Todos los derechos reservados 2024. Esta página y sus contenidos pueden ser reproducidos con fines no lucrativos, siempre y cuando no se mutile, se cite la fuente completa y su dirección electrónicas. De otra forma requiere permiso previo por escrito de la institución




2024 Copyright Universidad Insurgentes | www.bibliouin.com.mx